| 000 | 00413nam a22001217a 4500 | ||
|---|---|---|---|
| 082 | _a200 THE | ||
| 100 |
_aMajor Ahmad Shuja _970110 |
||
| 245 | _aTH-SOF-1254-Analyzing The Impact of Emotional Intelligence Competencies on Organizational Commitment | ||
| 260 |
_aIslamabad _bNUST College of EME _c2016 |
||
| 650 | _a MS-EM-8 MSTHESIS | ||
| 700 |
_aSupervisor Ch BRIG DR MUHAMMAD TAHIR NAWAZ _970111 |
||
| 942 | _cCF | ||
| 999 |
_c577148 _d577148 |
||